000 00591nam a2200181Ia 4500
008 151018s9999 xx 000 0 und d
082 _bRBASDV64263
_a891.463
100 _aसंजय सोनवणी
245 _aहिरण्यदुर्ग
250 _b1
260 _b"प्राजक्त प्रकाशन, पुणे "
_c2014
300 _a352
600 _aसंजय सोनवणी
630 _aहिरण्यदुर्ग
700 _aसंजय सोनवणी
730 _aहिरण्यदुर्ग
942 _cBOOK
999 _c1056603
_d1056600